000 00589nam a2200229Ia 4500
003 OSt
005 20220918163853.0
006 a|||||r|||| 00| 0
007 ta
008 220917b |||||||| |||| 00| 0 eng d
020 _a0333305426
024 _a246,358
037 _cTextual
040 _aARTS
_cARTS
_beng
041 _2eng
_aeng
082 _aX:3M24xm18, M3
100 _aLrrain Jorge
_915832
245 0 _aMarxism and ideology
260 _aLondon
_bMacmillan UK
_c1983
942 _hX:3M24xm18, M3
_cTEXL
_2CC
999 _c121953
_d121953